Obálka
Pro půjčování e-knih musíte být přihlášeni.
Jak si půjčit online?

Zpověď : z děcáku až na přehlídková mola /

Autobiografické vyprávění Veroniky Kašákové, která se po dětství v dětském domově dostala ke kariéře modelky i do finále soutěže Česká Miss 2014.

Uloženo v:
Hlavní autor: Sovadina Kašáková, Veronika, 1989- (Autor)
Další autoři: Ježková, Jitka, 1978- (Autor)
Médium: E-audiokniha
Jazyk:Czech
Vydáno: Praha : CooBoo, [2019]
Témata:
Tagy:
Žádné tagy
LEADER 05223nim a2201141 i 4500
001 313052
003 CZ PrSKC
005 20260601215734.0
007 sd fungnnmmned
008 190607t20192019xr nnnng a n cze
015 |a cnb003101596 
024 3 |a 8594050427242 
040 |a ABA001  |b cze  |e rda 
043 |a e-xr--- 
045 |a x8y1 
072 7 |a 687  |x Oděvní průmysl. Kosmetika. Kadeřnictví. Péče o vzhled  |2 Konspekt 
072 7 |a 929  |x Biografie  |2 Konspekt 
080 |a 687.5.01-055.2  |2 MRF 
080 |a 929  |2 MRF 
080 |a (437.3)  |2 MRF 
080 |a (092)  |2 MRF 
080 |a (086.7)08  |2 MRF 
080 |a (086.76)  |2 MRF 
100 1 |a Sovadina Kašáková, Veronika,  |d 1989-  |7 xx0192418  |4 aut 
245 1 0 |a Zpověď :  |b z děcáku až na přehlídková mola /  |c Veronika Kašáková 
264 1 |a Praha :  |b CooBoo,  |c [2019] 
264 4 |c ©2019 
300 |a 1 audiodisk (5 hod., 51 min., 30 sek.) ;  |c 12 cm 
306 |a 055130 
336 |a mluvené slovo  |b spw  |2 rdacontent 
337 |a audio  |b s  |2 rdamedia 
338 |a audiodisk  |b sd  |2 rdacarrier 
344 |a digital  |b optical  |2 rda 
347 |a audio soubor  |b MP3  |2 rda 
500 |a Název z disku 
500 |a Copyright Albatros Media 
500 |a Nezkrácená audiokniha ve formátu mp3 CD 
500 |a Podle stejnojmenné knihy vydané nakladatelstvím CooBoo v roce 2015 
511 0 |a Čtou Jitka Ježková a Veronika Kašáková 
520 2 |a Autobiografické vyprávění Veroniky Kašákové, která se po dětství v dětském domově dostala ke kariéře modelky i do finále soutěže Česká Miss 2014.  |b Zpověď Veroniky Kašákové, finalistky České Miss 2014. Tato zpověď vznikla z touhy změnit svět k lepšímu. Pokusit se alespoň trochu přispět k tomu, aby třeba i jen pár dětí bylo šťastnějších. Sama autorka prožila své dětství nejprve s matkou narkomankou a poté se ocitla v dětském domově. Ovšem audiokniha není jen o tom, jak to mají opuštěné děti těžké. Je také o naději a o tom, že když víte, co chcete, můžou se vám sny splnit, protože Veronika si sny plní. Nakladatelská anotace. 
600 1 7 |a Sovadina Kašáková, Veronika,  |d 1989-  |7 xx0192418  |2 czenas 
648 7 |a 1989-2015  |7 ch969065  |2 czenas 
648 7 |a 20.-21. století  |7 ch462155  |2 czenas 
650 0 7 |a modelky  |7 ph122931  |z Česko  |y 20.-21. století  |2 czenas 
655 7 |a autobiografie  |7 fd131855  |2 czenas 
655 7 |a audioknihy  |7 fd119452  |2 czenas 
655 7 |a kompaktní disky  |7 fd201991  |2 czenas 
700 1 |a Ježková, Jitka,  |d 1978-  |7 jo2005274125  |4 nrt 
900 |a ABA001  |b 18 
044 |a xr 
505 0 0 |t Úvod (4 min., 6 sek.) 
505 0 0 |t Rodina (7 min., 8 sek.) 
505 0 0 |t Peklo (12 min., 22 sek.) 
505 0 0 |t Osud (23 min., 23 sek.) 
505 0 0 |t Teta Hanka (9 min., 3 sek.) 
505 0 0 |t Z domova odjela Lucka Hanková (3 min., 43 sek.) 
505 0 0 |t Děcák - skvělá dovolená (3 min., 42 sek.) 
505 0 0 |t Sliby, chyby, mami (11 min., 30 sek.) 
505 0 0 |t Vánoce v domově (7 min., 0 sek.) 
505 0 0 |t Škola (6 min., 43 sek.) 
505 0 0 |t Křivda (2 min., 38 sek.) 
505 0 0 |t Táta (4 min., 13 sek.) 
505 0 0 |t Prázdniny u babičky (4 min., 9 sek.) 
505 0 0 |t Doma u táty a Terezky (10 min., 42 sek.) 
505 0 0 |t Tátova svatba (1 min., 49 sek.) 
505 0 0 |t V domově (2 min., 25 sek.) 
505 0 0 |t Holky ze školy (3 min., 28 sek.) 
505 0 0 |t Škola (2 min., 7 sek.) 
505 0 0 |t Zlom (13 min., 3 sek.) 
505 0 0 |t Zamilovaná (4 min., 1 sek.) 
505 0 0 |t Světlo v mém životě (4 min., 15 sek.) 
505 0 0 |t Střední škola (5 min., 4 sek.) 
505 0 0 |t Noví vychovatelé (11 min., 11 sek.) 
505 0 0 |t Miss Junior (3 min., 29 sek.) 
505 0 0 |t Postoupila jsem do finále Miss Junior (5 min., 31 sek.) 
505 0 0 |t Ponížení (5 min., 26 sek.) 
505 0 0 |t Zázrak (15 min., 53 sek.) 
505 0 0 |t Svět modelingu (4 min., 52 sek.) 
505 0 0 |t Konečně plnoletá (13 min., 24 sek.) 
505 0 0 |t Máma (5 min., 55 sek.) 
505 0 0 |t Maturita (3 min., 0 sek.) 
505 0 0 |t Návštěva mámy v děcáku (6 min., 56 sek.) 
505 0 0 |t Moje zpřízněná rodina (15 min., 7 sek.) 
505 0 0 |t Návrat (19 min., 33 sek.) 
505 0 0 |t Na dně (7 min., 38 sek.) 
505 0 0 |t Nový začátek (5 min., 39 sek.) 
505 0 0 |t Štěstí (6 min., 8 sek.) 
505 0 0 |t 1. Fashin for kids (5 min., 25 sek.) 
505 0 0 |t Česká Miss 2014 (3 min., 0 sek.) 
505 0 0 |t Postoupila jsem do semifinále České Miss (10 min., 3 sek.) 
505 0 0 |t Jsem finalistka České Miss 2014 (4 min., 26 sek.) 
505 0 0 |t Mauricius (11 min., 6 sek.) 
505 0 0 |t Příprava na finále (15 min., 39 sek.) 
505 0 0 |t Finále České Miss 2014 (12 min., 11 sek.) 
505 0 0 |t Realita (13 min., 23 sek.) 
910 |a RBIT002 
998 |d 206727  |a https://core.palmknihy.cz/api/books/206727/cover?sr5lzt  |b https://core.palmknihy.cz/api/books/206727/cover/400?sr5lzt  |c https://core.palmknihy.cz/api/books/206727/cover/50?sr5lzt  |e 2031-12-31  |i 8594050427242  |l 21060  |q 49  |r 1  |s https://www.palmknihy.cz/kniha/206727  |t audiobook  |y 2019  |z 0 
999 |d 313050